Catálogo

Vista normal Vista MARC

Entrada Personal Name

Número de registros utilizados en: 1

001 - CONTROL NUMBER

  • control field: 17719

003 - CONTROL NUMBER IDENTIFIER

  • control field: DLC

005 - DATE AND TIME OF LATEST TRANSACTION

  • control field: 20251120120119.0

008 - FIXED-LENGTH DATA ELEMENTS

  • fixed length control field: 080528n| acannaabn |b aba

010 ## - LIBRARY OF CONGRESS CONTROL NUMBER

  • LC control number: n 2008036675

035 ## - SYSTEM CONTROL NUMBER

  • System control number: (OCoLC)oca07780159

040 ## - CATALOGING SOURCE

  • Original cataloging agency: DLC
  • Language of cataloging: spa
  • Transcribing agency: Mx-PuUPA
  • Modifying agency: OCoLC
  • Modifying agency: DLC
  • Modifying agency: DLC
  • Modifying agency: ICrlF
  • Modifying agency: DLC
  • Modifying agency: Mx-PuUPA
  • Description conventions: rda

100 1# - HEADING--PERSONAL NAME

  • Personal name: Wang, Lijun,

374 ## - OCCUPATION

  • Occupation: Autor

375 ## - GENDER

  • Gender: hombre

377 ## - ASSOCIATED LANGUAGE

  • Language code: eng

400 1# - SEE FROM TRACING--PERSONAL NAME

  • Personal name: 王力军

400 1# - SEE FROM TRACING--PERSONAL NAME

  • Personal name: 王利军

670 ## - SOURCE DATA FOUND

  • Source citation: [Author of Energy efficiency and management in food processing facilities]

670 ## - SOURCE DATA FOUND

  • Source citation: Wang, Lijun. Energy efficiency and management in food processing facilities, 2008:
  • Information found: t.p. (Lijun Wang)

670 ## - SOURCE DATA FOUND

  • Source citation: [Editor of Gong cheng ce liang]

670 ## - SOURCE DATA FOUND

  • Source citation: Gong cheng ce liang, 2010:
  • Information found: t.p. (王利军 = Wang Lijun)

670 ## - SOURCE DATA FOUND

  • Source citation: [Joint author of Qin Han zhen yi]

670 ## - SOURCE DATA FOUND

  • Source citation: Qin Han zhen yi, 2002:
  • Information found: t.p. (王力军 = Wang Lijun)